| 000 | 00530nam a22001577a 4500 | ||
|---|---|---|---|
| 999 |
_c534860 _d534860 |
||
| 020 | _qHard Cover. | ||
| 082 | _a621.3678 | ||
| 100 | _aFatimah Mirza, Johum | ||
| 245 |
_aDesign and Development of Digital Cadastral Database in the Context of Pakistan / _bJohum Fatimah Mirza |
||
| 260 |
_aIslamabad : _bIGIS - NUST, _c2013. |
||
| 300 |
_axiii, 160 p. : ill. _c30cm. |
||
| 942 |
_2ddc _cTHE |
||
| 650 |
_aMS Thesis in GIS & RS _929252 |
||
| 700 |
_aDr. Rizwan Bulbul _929225 |
||